Logo BPK

Biblioteka

Politechniki Koszalińskiej

Academic reading : (Rekord nr 41351)

Szczegóły MARC
000 -ETYKIETA REKORDU
podpole kontrolne o stałej długości 00780nam a2200253 i 4500
001 - NUMER KONTROLNY REKORDU
pole kontrolne bgj
020 ## - MIĘDZYNARODOWY ZNORMALIZOWANY NUMER KSIĄŻKI - ISBN
ISBN 0312002971 (pbk)
020 ## - MIĘDZYNARODOWY ZNORMALIZOWANY NUMER KSIĄŻKI - ISBN
ISBN 031200298X Instructor's manual
040 ## - ŹRÓDŁO KATALOGOWANIA
Instytucja, która utworzyła rekord BPK
041 0# - KOD JĘZYKA
Kod języka tekstu eng
920 ## - Międzynarodowy znormalizowany numer książki – ISBN
ISBN 0-312-00297-1 (pbk)
920 ## - Międzynarodowy znormalizowany numer książki – ISBN
ISBN 0-312-00298-X Instructor's manual
008 - POLE O STAŁEJ DŁUGOŚCI - DANE KONTROLNE
podpole kontrolne o stałej długości s uk f |000 0 eng
100 1# - NAZWA OSOBOWA
Nazwa osobowa HOLSCHUH, Louis W.
245 10 - TYTUŁ/ODPOWIEDZIALNOŚĆ
Tytuł Academic reading :
Ciąg dalszy tytułu a content-based approach /
Pozostałe elementy strefy tytułu i oznaczenia odpowiedzialności Louis W. Holschuh, J. Patrick Kelley.
260 ## - STREFA ADRESU WYDAWNICZEGO
Miejsce wydania New York :
Nazwa wydawcy/dystrybutora St. Martin Press,
Data publikacji, dystrybucji/powstania dokumentu cop. 1988.
300 ## - STREFA OPISU FIZYCZNEGO
Objętość XII, [372] pp ;
Rozmiary 28 cm.
501 ## - UWAGA DOTYCZĄCA PRAC WSPÓŁWYDANYCH
Tekst uwagi Joint ed.: Instructor's manual.
650 #9 - HASŁO PRZEDMIOTOWE W FORMIE NAZWY OGÓLNEJ LUB JEDNOSTKOWEJ
Nazwa ogólna lub geograficzna Reading (Higher education)
650 #9 - HASŁO PRZEDMIOTOWE W FORMIE NAZWY OGÓLNEJ LUB JEDNOSTKOWEJ
Nazwa ogólna lub geograficzna College readers
650 #9 - HASŁO PRZEDMIOTOWE W FORMIE NAZWY OGÓLNEJ LUB JEDNOSTKOWEJ
Nazwa ogólna lub geograficzna Reading comprehension
700 1# - HASŁO DODATKOWE - NAZWA OSOBOWA
Nazwa osobowa KELLEY, J. Patrick
942 ## - DODATKOWE ELEMENTY (KOHA)
Typ dokumentu Książka
Egzemplarze
Wycofany Status egzemplarza Uszkodzony Dostępność Lokalizacja stała Lokalizacja bieżąca Miejsce przechowywania Sygnatura Kod kreskowy Ostatnio wypożyczono Typ dokumentu
      Dostępny Biblioteka Politechniki Koszalińskiej Biblioteka Politechniki Koszalińskiej Wypożyczalnia Językowa KA 2147 09009806 05.11.2013 Książka
© 2023 Biblioteka Politechniki Koszalińskiej :: KOHA